Energetika 2016

Guardado en:
Detalles Bibliográficos
Formato: Libro
Lenguaje:eslovaco
inglés
Publicado: Bratislava Štatistický úrad Slovenskej republiky 2017
Colección:Podnikové štatistiky
Materias:
Etiquetas: Agregar Etiqueta
Sin Etiquetas, Sea el primero en etiquetar este registro!

MARC

LEADER 00000nlm$a2200000$$$4500
001 0242788
005 20260206075153.3
020 |a 978-80-8121-566-7 
041 0 |a slo 
041 0 |a eng 
044 |a SK 
245 1 0 |a Energetika 2016 
264 1 |a Bratislava  |b Štatistický úrad Slovenskej republiky  |c 2017 
300 |a 164 s. 
490 1 |a Podnikové štatistiky 
830 0 |a Podnikové štatistiky 
500 |a Zdroj dokumentu: Štatistický úrad SR 
610 2 0 |a Slovensko 
610 2 0 |a energetika 
610 2 0 |a bilancia palivovo-energetická 
610 2 0 |a bilancia energetická 
610 2 0 |a spotreba palív 
610 2 0 |a spotreba energie 
610 2 0 |a zdroje energetické 
610 2 0 |a zdroje palivovo-energetické